000 00540nam a2200169 i 4500
001 bgj
245 0 0 _aBasis :
_bJahrbuch für deutsche Gegenwartsliteratur II (1971) /
_cHerausgegeben von Reinhold Grimm und Jost Hermand.
260 _aFranfurt :
_bAthenäum Verlag,
_cc. 1971.
300 _a313 S. ;
_c23 cm.
650 9 _aDeutsche Literatur
_xGeschichte und Kritik
700 1 _aGRIMM, Reinhold.
_eHrsg.
700 1 _aHERMAND, Jost.
_eHrsg.
040 _cBPK
041 0 _ager
942 _cKS
008 s gw f |000 0 ger
999 _c50951
_d50951
856 _uhttp://koha.tu.koszalin.pl/cgi-bin/koha/opac-detail.pl?biblionumber=50951
_yKatalog online BPK